[Event "Rilton Cup 2017/18"]
[Site "Stockholm SWE"]
[Date "2018.01.02"]
[Round "6.12"]
[White "Erik Blomqvist"]
[Black "Rameshbabu Praggnanandhaa"]
[Result "1/2-1/2"]
[EventDate "2017.12.27"]
[WhiteElo "2499"]
[BlackElo "2517"]
[PlyCount "93"]

1. Nf3 Nf6 2. g3 b5 3. Bg2 Bb7 4. d3 c5 5. e4 d6 6. O-O Qc7 7. c3 e6 8. a4 bxa4 9. Qxa4+ Bc6 10. Qa5 Qb7 11. Na3 Nbd7 12. Nc4 Nb6 13. Nfd2 Nfd7 14. b4 Nxc4 15. Nxc4 cxb4 16. cxb4 Be7 17. Bg5 f6 18. Bd2 Ne5 19. Qa2 Nxc4 20. Qxc4 d5 21. exd5 Bxd5 22. Bxd5 exd5 23. Qg4 O-O 24. Ra5 Kh8 25. Qf3 Rfd8 26. Rfa1 Rd7 27. Be3 Qxb4 28. Rxa7 Rdxa7 29. Rxa7 Rxa7 30. Bxa7 Qb7 31. Bd4 Qd7 32. Kg2 Qe6 33. Qh5 Bd6 34. h4 Kg8 35. Qd1 Qf5 36. Qc2 Qd7 37. Qb3 Qc6 38. h5 h6 39. Qb1 Kh7 40. Kh2 Qe8 41. Qd1 Qe6 42. Kg2 Kg8 43. Qa4 Qf5 44. Qe8+ Kh7 45. Qe2 Kg8 46. Qe8+ Kh7 47. Qe2 1/2-1/2

[Event "Rilton Cup 2017/18"]
[Site "Stockholm SWE"]
[Date "2018.01.01"]
[Round "5.18"]
[White "Arseniy Nesterov"]
[Black "Rameshbabu Praggnanandhaa"]
[Result "0-1"]
[EventDate "2017.12.27"]
[WhiteElo "2388"]
[BlackElo "2517"]
[PlyCount "66"]

1. d4 Nf6 2. c4 Nc6 3. Nc3 e5 4. d5 Ne7 5. e4 Ng6 6. h4 h5 7. Bg5 Bc5 8. Qd2 d6 9. g3 c6 10. Bd3 Qa5 11. Bxf6 gxf6 12. a3 a6 13. Ra2 Ba7 14. Nge2 Qb6 15. Rh2 Ne7 16. Qc2 Qd8 17. Ra1 Bg4 18. Nc1 Rc8 19. Be2 Bd7 20. Qd1 cxd5 21. exd5 Nf5 22. Ne4 Qe7 23. Qb3 b5 24. Qb4 bxc4 25. Bxc4 a5 26. Qc3 Nd4 27. Nd2 Qd8 28. Kf1 Qb6 29. b3 Bg4 30. Qd3 Ke7 31. a4 Rhg8 32. Kg2 Nc2 33. Ne4 Ne1+ 0-1

[Event "Rilton Cup 2017/18"]
[Site "Stockholm SWE"]
[Date "2017.12.30"]
[Round "4.3"]
[White "Rameshbabu Praggnanandhaa"]
[Black "Nils Grandelius"]
[Result "0-1"]
[EventDate "2017.12.27"]
[WhiteElo "2517"]
[BlackElo "2647"]
[PlyCount "170"]

1. e4 c5 2. Nf3 e6 3. g3 Nc6 4. Bg2 Nf6 5. Nc3 d6 6. d4 cxd4 7. Nxd4 Bd7 8. O-O Be7 9. h3 O-O 10. a4 a6 11. Nde2 Rb8 12. Nd4 Nxd4 13. Qxd4 b5 14. axb5 axb5 15. e5 dxe5 16. Qxe5 b4 17. Ne4 Bc6 18. Nxf6+ Bxf6 19. Qh5 Bxg2 20. Kxg2 Qc8 21. c3 bxc3 22. bxc3 Bxc3 23. Ra2 Qc4 24. Qe2 Qd5+ 25. Kg1 Rfd8 26. Be3 h6 27. Rc2 Bf6 28. Rfc1 Qf5 29. Kg2 Rb5 30. Qf3 Qxf3+ 31. Kxf3 Bg5 32. Rc8 Rxc8 33. Rxc8+ Kh7 34. Bd4 Rb4 35. Bc3 Rb3 36. Kg2 Bf6 37. Bxf6 gxf6 38. Rc4 f5 39. Ra4 Kg6 40. Rc4 Rb1 41. Ra4 Re1 42. Kf3 Rc1 43. Rb4 Rc2 44. Ra4 Rb2 45. Kg2 e5 46. Ra6+ f6 47. Ra4 Rd2 48. Rb4 Rd4 49. Rb8 f4 50. gxf4 Rxf4 51. Kg3 Rf5 52. Rb4 Rg5+ 53. Kf3 Rg1 54. Rb8 Ra1 55. Rg8+ Kf5 56. Rh8 Ra3+ 57. Kg2 Kg6 58. Rg8+ Kf7 59. Rh8 Kg7 60. Rb8 Ra4 61. Kg3 h5 62. Rc8 h4+ 63. Kf3 Kg6 64. Rg8+ Kf5 65. Rh8 Rb4 66. Kg2 Rf4 67. Ra8 Rc4 68. Rh8 Ra4 69. Kf3 Rd4 70. Kg2 Kg6 71. Rg8+ Kf7 72. Rh8 Ra4 73. Rb8 Kg7 74. Kf3 f5 75. Rb6 Ra3+ 76. Kg2 e4 77. Re6 Rb3 78. Kh2 Rb4 79. f3 Kf7 80. Rh6 e3 81. Kg2 Rb1 82. Rh7+ Kf6 83. Rh6+ Kg5 84. Re6 Rb2+ 85. Kg1 Kf4 0-1

[Event "Rilton Cup 2017/18"]
[Site "Stockholm SWE"]
[Date "2017.12.29"]
[Round "3.3"]
[White "Rameshbabu Praggnanandhaa"]
[Black "Benjamin Gledura"]
[Result "1/2-1/2"]
[EventDate "2017.12.27"]
[WhiteElo "2517"]
[BlackElo "2613"]
[PlyCount "60"]

1. e4 e5 2. Nf3 Nc6 3. Nc3 Nf6 4. Bb5 Nd4 5. Nxd4 exd4 6. e5 dxc3 7. exf6 Qxf6 8. dxc3 Qe5+ 9. Be2 Bc5 10. O-O O-O 11. Re1 Qf6 12. Bf3 c6 13. Be3 d6 14. Bd4 Bxd4 15. Qxd4 Qxd4 16. cxd4 Bf5 17. Be4 Bxe4 18. Rxe4 Rfe8 19. Rae1 Kf8 20. Kf1 d5 21. R4e3 Rxe3 22. Rxe3 Re8 23. Ra3 a6 24. Rb3 Re7 25. f3 Ke8 26. Kf2 Kd8 27. Re3 Kd7 28. Rxe7+ Kxe7 29. Ke3 a5 30. c3 Ke6 1/2-1/2

[Event "Rilton Cup 2017/18"]
[Site "Stockholm SWE"]
[Date "2017.12.28"]
[Round "2.17"]
[White "Axel Otto Ornstein"]
[Black "Rameshbabu Praggnanandhaa"]
[Result "0-1"]
[EventDate "2017.12.27"]
[WhiteElo "2340"]
[BlackElo "2517"]
[PlyCount "76"]

1. Nf3 Nf6 2. c4 b6 3. b3 Bb7 4. Bb2 e6 5. g3 g6 6. Bg2 Bg7 7. O-O O-O 8. d4 c5 9. dxc5 bxc5 10. Nc3 Qe7 11. Qc2 d5 12. cxd5 exd5 13. Na4 Na6 14. Rac1 Rac8 15. a3 d4 16. Ne1 Bxg2 17. Nxg2 Nd5 18. Qd3 Qb7 19. e3 Nb6 20. Nxb6 axb6 21. exd4 Rcd8 22. Rfd1 cxd4 23. b4 Nc7 24. Ne1 Ne6 25. Qf3 Rd5 26. Nd3 Qd7 27. Nf4 Nxf4 28. Qxf4 d3 29. Bxg7 Kxg7 30. Rd2 Rc8 31. Rxc8 Qxc8 32. Qe3 Qc3 33. Kg2 b5 34. Qe4 Rd8 35. Qe3 h5 36. f4 Rd5 37. Kf3 Qxa3 38. Ke4 Qa8 0-1

[Event "Rilton Cup 2017/18"]
[Site "Stockholm SWE"]
[Date "2017.12.27"]
[Round "1.22"]
[White "Rameshbabu Praggnanandhaa"]
[Black "Nikhil Kumar"]
[Result "1-0"]
[EventDate "2017.12.27"]
[WhiteElo "2517"]
[BlackElo "2271"]
[PlyCount "91"]

1. Nf3 d5 2. g3 Nf6 3. Bg2 e6 4. O-O Be7 5. d3 O-O 6. Nbd2 c5 7. e4 Nc6 8. Re1 b5 9. e5 Nd7 10. Nf1 Bb7 11. h4 Qc7 12. Bf4 Rfc8 13. N1h2 Qd8 14. h5 h6 15. c3 a5 16. Ng4 Bf8 17. Qd2 b4 18. c4 Ne7 19. Nh4 Rab8 20. Rac1 a4 21. Qe2 Nc6 22. cxd5 Nd4 23. Qd1 exd5 24. e6 Nxe6 25. Bxb8 Rxb8 26. Nf3 Bd6 27. Qxa4 Ra8 28. Qb3 Nb6 29. Ra1 c4 30. Qd1 Nc5 31. d4 Nd3 32. Re2 Na4 33. Rb1 Ndxb2 34. Rexb2 Nxb2 35. Rxb2 c3 36. Rc2 Bc6 37. Qb1 Ra3 38. Nfe5 Ba4 39. Rc1 Qc7 40. Bxd5 c2 41. Qb2 Kh7 42. Bb3 f6 43. Nc4 Bxg3 44. Qxc2+ Kh8 45. Nxa3 Bxf2+ 46. Nxf2 1-0

[Event "World ol U16"]
[Site "Ahmedabad"]
[Date "2017.12.17"]
[Round "8.2"]
[White "Shamsiddin Vokhidov"]
[Black "Rameshbabu Praggnanandhaa"]
[Result "0-1"]
[EventDate "?"]
[WhiteElo "2412"]
[BlackElo "2517"]
[Source "chessbites.com; date by Chess Assistant 21"]
[PlyCount "74"]

1. e4 e5 2. Nf3 Nc6 3. Bb5 a6 4. Ba4 d6 5. O-O Bd7 6. d4 Nf6 7. c3 g6 8. Re1 b5 9. Bc2 Bg7 10. h3 O-O 11. Be3 exd4 12. Nxd4 Ne5 13. Nd2 c5 14. N4f3 Qc7 15. a4 Rfc8 16. Bf4 Bc6 17. Nf1 Re8 18. N3d2 d5 19. Bh2 Nxe4 20. Nxe4 dxe4 21. Bxe4 Bxe4 22. Rxe4 Qc6 23. Qc2 Nc4 24. Rxe8+ Rxe8 25. b3 Nb6 26. axb5 axb5 27. Rd1 Nd5 28. c4 Nc3 29. Rd6 Qa8 30. Rd2 bxc4 31. bxc4 Bd4 32. Bf4 Re1 33. Qd3 Qa1 34. g3 Ne4 35. Rc2 Qb1 36. Be3 Bxe3 37. fxe3 Rxf1+ 0-1

[Event "World ol U16"]
[Site "Ahmedabad"]
[Date "2017.12.16"]
[Round "7.2"]
[White "Rameshbabu Praggnanandhaa"]
[Black "Olga Badelka"]
[Result "1-0"]
[EventDate "?"]
[WhiteElo "2517"]
[BlackElo "2388"]
[Source "chessbites.com; date by Chess Assistant 21"]
[PlyCount "100"]

1. Nf3 c5 2. g3 Nc6 3. Bg2 g6 4. c3 Bg7 5. d4 cxd4 6. cxd4 d5 7. O-O Nf6 8. Nc3 O-O 9. Ne5 Bf5 10. Nxc6 bxc6 11. Bf4 Rc8 12. Na4 Nd7 13. Rc1 e5 14. dxe5 Nxe5 15. b3 Re8 16. Be3 Qe7 17. Bc5 Qd7 18. Qd2 Bh3 19. Bd4 Bxg2 20. Kxg2 h5 21. Nc5 Qf5 22. Qf4 Qxf4 23. gxf4 Nd3 24. Nxd3 Bxd4 25. e3 Bb6 26. Nb4 Re6 27. Nxd5 Rd8 28. f5 gxf5 29. Nf4 Red6 30. Kf3 h4 31. Rg1+ Kf8 32. Rg5 Rf6 33. Nh5 Rh6 34. Rxf5 h3 35. Nf6 c5 36. Rc4 Rd2 37. Re4 Kg7 38. Nh5+ Kf8 39. Ref4 Rh7 40. Nf6 Rg7 41. Re4 Rd8 42. Rd5 Rg6 43. Rxd8+ Bxd8 44. Re8+ Kg7 45. Nh5+ Kh6 46. Rh8+ Kg5 47. Nf4 Rd6 48. Rxh3 Rd2 49. Rh5+ Kf6 50. Rd5 1-0

[Event "World ol U16"]
[Site "Ahmedabad"]
[Date "2017.12.12"]
[Round "2.2"]
[White "Ekin Baris Ozenir"]
[Black "Rameshbabu Praggnanandhaa"]
[Result "0-1"]
[EventDate "?"]
[WhiteElo "2377"]
[BlackElo "2517"]
[Source "chessbites.com; date by Chess Assistant 21"]
[PlyCount "122"]

1. d4 Nf6 2. Bg5 d5 3. Nd2 Bf5 4. e3 e6 5. Ngf3 h6 6. Bh4 Nbd7 7. c4 c6 8. Be2 Be7 9. O-O O-O 10. Qb3 Qb6 11. c5 Qxb3 12. axb3 g5 13. Bg3 Nh5 14. b4 Nxg3 15. hxg3 a6 16. Nb3 Rac8 17. Nfd2 Bg6 18. g4 f5 19. gxf5 exf5 20. Nf3 Bf6 21. Bd3 Kg7 22. Ne1 Rc7 23. Nc2 h5 24. f4 g4 25. b5 axb5 26. Ra7 Rf7 27. Nb4 Nf8 28. Na5 Ne6 29. Nc2 h4 30. Ra1 Rce7 31. Ra8 Rf8 32. Nb3 Rxa8 33. Rxa8 Rd7 34. Na5 Kf7 35. Ra7 Nd8 36. Nb4 Ke8 37. Ra8 Kf7 38. Rb8 g3 39. Kf1 Ke8 40. Nbxc6 bxc6 41. Nxc6 Rb7 42. Rxb7 Nxb7 43. Bxb5 Kf8 44. Nb4 Bf7 45. Bc6 Na5 46. Bxd5 Be8 47. Kg1 Ke7 48. Nd3 Bb5 49. b4 Bxd3 50. bxa5 Kd7 51. Bb7 Kc7 52. a6 Be7 53. Bd5 Bxa6 54. Bf7 Bd3 55. Be8 Kb7 56. Bd7 Be4 57. Bb5 Bd8 58. Kf1 Ba5 59. Bd7 h3 60. gxh3 g2+ 61. Kf2 Be1+ 0-1

[Event "Douglas IoM op"]
[Site "Douglas"]
[Date "2017.10.01"]
[Round "9"]
[White "Rameshbabu Praggnanandhaa"]
[Black "Vilmos Balint"]
[Result "1-0"]
[EventDate "?"]
[WhiteElo "2500"]
[BlackElo "2281"]
[Source "chessbites.com; date by Chess Assistant 21"]
[PlyCount "148"]

1. Nf3 Nf6 2. g3 b6 3. Bg2 Bb7 4. O-O e6 5. d3 d5 6. Nbd2 Be7 7. e4 c5 8. Re1 Nc6 9. c3 Qc7 10. Nf1 dxe4 11. dxe4 Rd8 12. Qe2 O-O 13. e5 Nd7 14. h4 Na5 15. b3 Bd5 16. Bf4 c4 17. b4 Nc6 18. N1d2 a5 19. b5 Na7 20. Reb1 Nc5 21. Ne1 Na4 22. Bxd5 Nxc3 23. Qxc4 Nxd5 24. Qxc7 Nxc7 25. a4 Nd5 26. Nef3 Bb4 27. Ne4 Nxf4 28. gxf4 f6 29. exf6 gxf6 30. Rc1 Rd7 31. Rc4 Kf7 32. Rac1 h6 33. Rc7 Ke7 34. Kf1 Rd8 35. h5 f5 36. Ned2 Bd6 37. R7c4 Bb4 38. Nb3 Rd1+ 39. Rxd1 Rxd1+ 40. Ke2 Rd5 41. Rc7+ Rd7 42. Rc1 Kf6 43. Ne5 Rb7 44. Rd1 Nc8 45. Rd8 Rc7 46. Nd4 Bc5 47. Ndc6 Kg7 48. Re8 Nd6 49. Rxe6 Ne4 50. Nd8 Bxf2 51. Rg6+ Kh7 52. Rc6 Rg7 53. Ndf7 Rg2 54. Rxh6+ Kg7 55. Rg6+ Rxg6 56. hxg6 Bc5 57. Nd8 Nc3+ 58. Kd3 Nxa4 59. Ne6+ Kg8 60. Nd7 Be7 61. Kc2 Nc5 62. Nexc5 bxc5 63. b6 Kg7 64. b7 Bd6 65. b8=Q Bxb8 66. Nxb8 Kxg6 67. Nd7 c4 68. Ne5+ Kh5 69. Kc3 Kh4 70. Kxc4 Kg3 71. Ng6 Kf3 72. Kb5 Ke4 73. Kxa5 Kd5 74. Kb5 1-0

[Event "Barcelona Sants op 19th"]
[Site "Barcelona"]
[Date "2017.08.27"]
[Round "10"]
[White "Julian Martin"]
[Black "Rameshbabu Praggnanandhaa"]
[Result "1-0"]
[EventDate "?"]
[WhiteElo "2353"]
[BlackElo "2487"]
[Source "chessbites.com; date by Chess Assistant 21"]
[PlyCount "160"]

1. e4 e5 2. Nf3 Nc6 3. Nc3 Nf6 4. Bb5 Bb4 5. O-O O-O 6. d3 d6 7. Bg5 Bxc3 8. bxc3 Qe7 9. Re1 Nd8 10. d4 Ne6 11. Bc1 Rd8 12. Bf1 Nf8 13. Nh4 Re8 14. g3 b6 15. Bg2 Bb7 16. Nf5 Qd8 17. d5 Bc8 18. Ne3 a5 19. Rb1 Ba6 20. Qf3 h6 21. h4 N6h7 22. Bh3 Qf6 23. Qd1 Bc8 24. Bxc8 Raxc8 25. Nf5 Kh8 26. Kh2 Ng6 27. f3 Ne7 28. Ne3 Qg6 29. g4 h5 30. Rg1 hxg4 31. Rxg4 Qh5 32. Nf1 f5 33. Ng3 Qf7 34. exf5 Nxf5 35. Ne4 Rf8 36. Kg2 Qh5 37. Qh1 Nf6 38. Nxf6 gxf6 39. Bd2 Rg8 40. Qh3 Rxg4+ 41. fxg4 Rg8 42. Bg5 Qg6 43. Rf1 Nh6 44. Bxf6+ Kh7 45. g5 Qe4+ 46. Kg1 Ng4 47. Qd3 Qxd3 48. cxd3 Ne3 49. Rf3 Nxd5 50. c4 Nf4 51. Kf2 Nh5 52. Ke3 Kg6 53. d4 exd4+ 54. Kxd4 c6 55. Be7 Re8 56. Bxd6 Re2 57. a3 Rd2+ 58. Rd3 Rg2 59. Bc7 b5 60. cxb5 cxb5 61. Bxa5 Nf4 62. Re3 Rg4 63. Kc5 Rxh4 64. Kxb5 Rh8 65. Re5 Nd3 66. Rd5 Nf4 67. Rd4 Ne2 68. Rd5 Nf4 69. Rd7 Rb8+ 70. Bb6 Ne2 71. Rd8 Rb7 72. Kc6 Re7 73. Rd6+ Kh5 74. a4 Nc3 75. a5 Ne4 76. Rd7 Re6+ 77. Kc7 Kxg5 78. a6 Nc3 79. Kb7 Na4 80. Bd4 1-0

[Event "Vlissingen HZ op 21st"]
[Site "Vlissingen"]
[Date "2017.08.12"]
[Round "9"]
[White "Iturrizaga Bonelli, Eduardo"]
[Black "Rameshbabu Praggnanandhaa"]
[Result "1-0"]
[EventDate "?"]
[WhiteElo "2662"]
[BlackElo "2487"]
[Source "chessbites.com; date by Chess Assistant 21"]
[PlyCount "140"]

1. c4 e5 2. g3 Nf6 3. Bg2 d5 4. cxd5 Nxd5 5. Nf3 Nc6 6. O-O Be7 7. d4 exd4 8. Nxd4 O-O 9. Nxc6 bxc6 10. Nc3 Nxc3 11. bxc3 Ba6 12. Qc2 Qd7 13. Rd1 Qe6 14. Be3 Rad8 15. Bf3 Bc4 16. Rd4 Bd5 17. Ra4 Bxf3 18. exf3 Rd5 19. Re4 Qf5 20. Qa4 Bf6 21. Qxc6 Rd3 22. Re8 h5 23. Rxf8+ Kxf8 24. Rb1 Kg8 25. Rb5 Rd1+ 26. Kg2 Qd3 27. Qe8+ Kh7 28. Qe4+ Qxe4 29. fxe4 Kg6 30. Rc5 Ra1 31. e5 Bd8 32. Ra5 Kf5 33. Bxa7 g5 34. Be3 c6 35. Ra8 Bc7 36. Bd4 Bxe5 37. Bxe5 Kxe5 38. Ra5+ Kf6 39. h4 gxh4 40. gxh4 Kg6 41. c4 f6 42. a4 Ra3 43. f3 Ra1 44. Kg3 Ra2 45. f4 Ra3+ 46. Kg2 Ra2+ 47. Kf3 Ra3+ 48. Ke4 Rh3 49. Ra8 Rxh4 50. Rg8+ Kf7 51. Rg1 Ke6 52. a5 Kd6 53. a6 Kc7 54. Rg7+ Kb8 55. Kf5 Rh1 56. Rb7+ Kc8 57. Rf7 Kb8 58. Rxf6 c5 59. Rc6 Ka7 60. Rxc5 Kxa6 61. Rb5 h4 62. Rb3 h3 63. c5 h2 64. Rb2 Rc1 65. Rxh2 Rxc5+ 66. Kg6 Kb6 67. f5 Kc6 68. f6 Rc1 69. Rg2 Kd7 70. f7 1-0

[Event "Vlissingen HZ op 21st"]
[Site "Vlissingen"]
[Date "2017.08.10"]
[Round "7"]
[White "Rameshbabu Praggnanandhaa"]
[Black "Jayson Gonzales"]
[Result "1-0"]
[EventDate "?"]
[WhiteElo "2487"]
[BlackElo "2378"]
[Source "chessbites.com; date by Chess Assistant 21"]
[PlyCount "100"]

1. e4 c6 2. d4 d5 3. e5 Bf5 4. Nf3 e6 5. Be2 Nd7 6. O-O Ne7 7. Nbd2 Bg6 8. Ne1 c5 9. c3 Nc6 10. Ndf3 Qb6 11. Nd3 cxd4 12. cxd4 Be7 13. Be3 O-O 14. Nf4 Rac8 15. Nxg6 fxg6 16. Rb1 a5 17. Ne1 Rfe8 18. g3 Bf8 19. h4 Ne7 20. Ng2 Nb8 21. a3 Nbc6 22. g4 Nd8 23. Nf4 Nec6 24. Kg2 Rc7 25. Rh1 Rf7 26. Nh3 Be7 27. Ng5 Bxg5 28. hxg5 Nb8 29. Bd3 Nd7 30. b4 axb4 31. axb4 Nc6 32. b5 Na5 33. Qc2 Nf8 34. Qe2 Rc8 35. Rhc1 Rxc1 36. Rxc1 Rc7 37. Rxc7 Qxc7 38. Bd2 Nd7 39. Bb4 b6 40. Qd1 Nc4 41. Qc2 Kf7 42. Kg3 Ndxe5 43. dxe5 Qxe5+ 44. Kf3 Qh2 45. Bxc4 Qh3+ 46. Kf4 Qh2+ 47. Ke3 Qe5+ 48. Kf3 Qd4 49. Bxd5 Qxd5+ 50. Qe4 1-0

[Event "Vlissingen HZ op 21st"]
[Site "Vlissingen"]
[Date "2017.08.07"]
[Round "4"]
[White "Thomas Beerdsen"]
[Black "Rameshbabu Praggnanandhaa"]
[Result "0-1"]
[EventDate "?"]
[WhiteElo "2447"]
[BlackElo "2487"]
[Source "chessbites.com; date by Chess Assistant 21"]
[PlyCount "38"]

1. e4 e5 2. Nf3 Nc6 3. Bc4 Nf6 4. Ng5 d5 5. exd5 Na5 6. Bb5+ c6 7. dxc6 bxc6 8. Bd3 Nd5 9. h4 Be7 10. Qf3 f5 11. Nc3 O-O 12. Nxd5 cxd5 13. b4 Bxb4 14. Bb2 Qd6 15. Qh5 h6 16. Kf1 Bd7 17. f4 e4 18. Be5 Qc6 19. Rh3 Be8 0-1

[Event "Vlissingen HZ op 21st"]
[Site "Vlissingen"]
[Date "2017.08.06"]
[Round "2"]
[White "Sven Stange"]
[Black "Rameshbabu Praggnanandhaa"]
[Result "0-1"]
[EventDate "?"]
[WhiteElo "2140"]
[BlackElo "2487"]
[Source "chessbites.com; date by Chess Assistant 21"]
[PlyCount "56"]

1. d4 Nf6 2. c4 e6 3. Nc3 Bb4 4. Qc2 O-O 5. Nf3 d5 6. cxd5 exd5 7. Bf4 c5 8. dxc5 Ne4 9. e3 Nd7 10. a3 Qa5 11. Bd3 Ndxc5 12. O-O Bxc3 13. bxc3 Bd7 14. Bxe4 dxe4 15. Nd2 Bb5 16. c4 Ba4 17. Qb2 Nd3 18. Qa2 Rfe8 19. Bd6 b6 20. Bb4 Qg5 21. Bc3 Re6 22. Rfb1 Rg6 23. g3 Qf5 24. Nf1 Qf3 25. Be1 Bd7 26. Nd2 Qh5 27. Nxe4 Bc6 28. Nd2 Qxh2+ 0-1

[Event "Vlissingen HZ op 21st"]
[Site "Vlissingen"]
[Date "2017.08.06"]
[Round "3"]
[White "Rameshbabu Praggnanandhaa"]
[Black "Van Leent, Dmitri"]
[Result "1-0"]
[EventDate "?"]
[WhiteElo "2487"]
[BlackElo "2244"]
[Source "chessbites.com; date by Chess Assistant 21"]
[PlyCount "76"]

1. e4 e5 2. Nf3 Nc6 3. Bc4 g6 4. d4 exd4 5. c3 Bg7 6. cxd4 Nge7 7. Nc3 O-O 8. d5 Ne5 9. Nxe5 Bxe5 10. Bh6 Re8 11. O-O d6 12. f4 Bg7 13. Bxg7 Kxg7 14. Qd4+ f6 15. Rad1 Ng8 16. Rd2 Nh6 17. Rc1 a6 18. Bd3 Nf7 19. Ne2 c5 20. dxc6 bxc6 21. Rxc6 Bb7 22. Rc1 Qa5 23. Nc3 Rac8 24. Rcd1 Qc5 25. Bc2 Re7 26. Qxc5 dxc5 27. Rd7 Rc7 28. Rxc7 Rxc7 29. Bb3 c4 30. Bc2 Kf8 31. Kf2 Ke7 32. Ke3 Nd6 33. g3 Rc5 34. Kd4 Rc8 35. Ba4 Ba8 36. Rd2 h5 37. Bc2 Nf7 38. Nd5+ 1-0

[Event "World Cadets U12"]
[Site "Batumi GEO"]
[Date "2016.10.28"]
[Round "9.1"]
[White "Nikhil Kumar"]
[Black "Rameshbabu Praggnanandhaa"]
[Result "1-0"]
[EventDate "2016.??.??"]
[WhiteElo "2076"]
[BlackElo "2442"]
[PlyCount "99"]

1. d4 Nf6 2. c4 e6 3. Nc3 d5 4. cxd5 exd5 5. Bg5 Be7 6. e3 c6 7. Bd3 Nbd7 8. Qc2 Nh5 9. Bxe7 Qxe7 10. Nge2 Nhf6 11. O-O Nf8 12. a3 Ne6 13. Rad1 O-O 14. f3 c5 15. dxc5 Qxc5 16. Nxd5 Nxd5 17. Bxh7+ Kh8 18. Qxc5 Nxc5 19. Rxd5 Kxh7 20. Rxc5 b6 21. Rc2 Ba6 22. Rd1 Bxe2 23. Rxe2 Rac8 24. Rd7 a5 25. Red2 Rc6 26. Kf2 a4 27. Ke2 f6 28. Ra7 b5 29. e4 Rfc8 30. h4 Rc2 31. Rd7 Rc1 32. Ke3 Rg1 33. R7d5 Rb8 34. Kf4 Rc1 35. Rd7 b4 36. Ra7 b3 37. Rxa4 Rc2 38. Rad4 Rbc8 39. Ke3 Rc1 40. R4d3 Rb8 41. g4 Rh1 42. h5 Re1+ 43. Kf4 Rc1 44. Rd5 Rc2 45. Ke3 Rc1 46. a4 Ra1 47. Rb5 Rc8 48. Rd4 Re1+ 49. Kf4 Rc2 50. Rxb3 1-0

[Event "Voronezh op-A 20th"]
[Site "Voronezh"]
[Date "2016.06.16"]
[Round "5"]
[White "Rameshbabu Praggnanandhaa"]
[Black "Pavel Egorov"]
[Result "1-0"]
[EventDate "?"]
[WhiteElo "2368"]
[BlackElo "2221"]
[Source "chessbites.com; date by Chess Assistant 21"]
[PlyCount "82"]

1. e4 c5 2. Nf3 Nf6 3. e5 Nd5 4. Nc3 e6 5. Nxd5 exd5 6. d4 Nc6 7. dxc5 Bxc5 8. Bd3 d6 9. exd6 Qxd6 10. O-O O-O 11. a3 a5 12. Ng5 g6 13. Nf3 Re8 14. Bd2 Bg4 15. h3 Bxf3 16. Qxf3 Ne5 17. Qg3 Nxd3 18. Qxd3 a4 19. Rad1 d4 20. Rfe1 Qa6 21. Qf3 Qc6 22. Qg3 Rxe1+ 23. Rxe1 Re8 24. Rxe8+ Qxe8 25. Qc7 Qc6 26. Qxc6 bxc6 27. Kf1 f5 28. Ke2 Kf7 29. Kd3 Ke6 30. Kc4 Bb6 31. f3 Ke5 32. Bg5 h5 33. b3 axb3 34. cxb3 c5 35. g3 Kd6 36. Kb5 Bc7 37. Ka6 Bb8 38. Kb7 Bc7 39. Bf4+ Kd7 40. Bxc7 g5 41. g4 1-0

[Event "Voronezh op-A 20th"]
[Site "Voronezh"]
[Date "2016.06.14"]
[Round "3"]
[White "Rameshbabu Praggnanandhaa"]
[Black "Igor Dmitriev"]
[Result "1-0"]
[EventDate "?"]
[WhiteElo "2368"]
[BlackElo "2259"]
[Source "chessbites.com; date by Chess Assistant 21"]
[PlyCount "72"]

1. e4 c6 2. d4 d5 3. e5 Qa5+ 4. c3 Bf5 5. Be3 Qb6 6. Qc1 e6 7. Nd2 a5 8. Ngf3 h6 9. a4 Ne7 10. Be2 Nd7 11. Nf1 Bh7 12. Ng3 Nf5 13. Bd2 Bg6 14. O-O Be7 15. Bf4 O-O 16. Qd2 c5 17. Nxf5 Bxf5 18. Bb5 Rfd8 19. dxc5 Nxc5 20. Nd4 Bg6 21. Qe3 Rac8 22. Rae1 Qc7 23. Kh1 Nd7 24. Qg3 Kh7 25. h4 Bc5 26. h5 Bxh5 27. Bd3+ Kh8 28. Qh3 Bxd4 29. Qxh5 Bc5 30. Bxh6 g6 31. Qh4 Kg8 32. Bg5 Re8 33. f4 Bf8 34. Rf3 Bg7 35. Rh3 f5 36. exf6 1-0

[Event "Mumbai Wealth op"]
[Site "Mumbai"]
[Date "2016.02.05"]
[Round "9"]
[White "Rameshbabu Praggnanandhaa"]
[Black "Ranveer Mohite"]
[Result "1-0"]
[EventDate "?"]
[WhiteElo "2174"]
[BlackElo "1950"]
[Source "chessbites.com; date by Chess Assistant 21"]
[PlyCount "102"]

1. e4 c5 2. b3 Nc6 3. Bb2 d5 4. exd5 Qxd5 5. Nc3 Qd8 6. Qh5 Nd4 7. O-O-O Ne6 8. Ne4 Nf6 9. Nxf6+ exf6 10. Nf3 Bd6 11. d4 O-O 12. Bd3 g6 13. Qh4 f5 14. Qxd8 Rxd8 15. d5 Nf4 16. Bf1 Nh5 17. Re1 Bf8 18. c4 Bg7 19. Bxg7 Kxg7 20. g3 Nf6 21. Ne5 f4 22. gxf4 Nh5 23. Nd3 Bf5 24. Nxc5 Rac8 25. Na4 b5 26. Nc3 bxc4 27. bxc4 Nxf4 28. Re3 Rc5 29. Rg1 Rdc8 30. Kd2 Rb8 31. Rf3 Rb2+ 32. Ke3 Nxd5+ 33. Nxd5 Be6 34. Kd4 Ra5 35. a3 Rd2+ 36. Rd3 Rxf2 37. Bg2 Ra2 38. Nb4 R2xa3 39. Rxa3 Rxa3 40. Bd5 Bf5 41. Rg3 Ra1 42. c5 a5 43. Nc6 Kf6 44. Rc3 a4 45. Nb4 g5 46. c6 h5 47. Rf3 Rd1+ 48. Kc5 Rc1+ 49. Bc4 Ke5 50. Rxf5+ Kxf5 51. c7 1-0

[Event "Mumbai Wealth op"]
[Site "Mumbai"]
[Date "2016.02.04"]
[Round "8"]
[White "Shardul Gagare"]
[Black "Rameshbabu Praggnanandhaa"]
[Result "1-0"]
[EventDate "?"]
[WhiteElo "2497"]
[BlackElo "2174"]
[Source "chessbites.com; date by Chess Assistant 21"]
[PlyCount "102"]

1. d4 Nf6 2. c4 g6 3. g3 Bg7 4. Bg2 d5 5. cxd5 Nxd5 6. Nf3 O-O 7. O-O Nb6 8. Bf4 Nc6 9. e3 Nd5 10. Nc3 Nxf4 11. gxf4 Nb8 12. b4 c6 13. Rc1 a6 14. a4 Bg4 15. h3 Bxf3 16. Qxf3 Nd7 17. Rfd1 e6 18. Ne4 Qe7 19. Rb1 Rab8 20. Rdc1 Rfc8 21. Rc2 Nb6 22. Nc5 Nd5 23. Nd3 Rc7 24. Qg3 Rbc8 25. Bf3 Kh8 26. Rc5 Qd6 27. Ne5 Kg8 28. Nd3 Kh8 29. Qg2 Qd7 30. b5 axb5 31. axb5 b6 32. bxc6 Qd8 33. Rcc1 Rxc6 34. Rxc6 Rxc6 35. Bxd5 exd5 36. Rb5 Qc8 37. Rxd5 Rc3 38. Ne5 Bxe5 39. fxe5 Rc1+ 40. Kh2 Qf5 41. Rd6 b5 42. Rf6 Qd7 43. Qf3 Kg8 44. Rd6 Qe8 45. Rb6 Rc8 46. Qb7 Rc2 47. Kg2 Rb2 48. Rc6 Kg7 49. e6 Rb1 50. e7 b4 51. Rc8 1-0

[Event "Mumbai Wealth op"]
[Site "Mumbai"]
[Date "2016.02.03"]
[Round "7"]
[White "Rameshbabu Praggnanandhaa"]
[Black "Ghotane Sameer"]
[Result "1-0"]
[EventDate "?"]
[WhiteElo "2174"]
[BlackElo "1938"]
[Source "chessbites.com; date by Chess Assistant 21"]
[PlyCount "68"]

1. b3 e5 2. Bb2 Nc6 3. e3 Nf6 4. Bb5 Bd6 5. Na3 Na5 6. Be2 Be7 7. d4 exd4 8. exd4 Ne4 9. c3 d5 10. Nc2 O-O 11. Nf3 Bf6 12. O-O Re8 13. Ne3 Qd6 14. Re1 Nc6 15. Bd3 Ne7 16. Nxd5 Nxd5 17. Rxe4 Bd7 18. Qd2 Rxe4 19. Bxe4 Re8 20. Re1 c6 21. Ne5 Be6 22. Nd3 Rd8 23. Qc2 b6 24. h3 g6 25. a3 Bg7 26. Bf3 Bf5 27. Bg4 Bxd3 28. Qxd3 Nf4 29. Qe3 Bh6 30. Qg3 c5 31. Rd1 f5 32. Bf3 Re8 33. Qh4 Ne2+ 34. Kh1 Bg7 1-0

[Event "Mumbai Wealth op"]
[Site "Mumbai"]
[Date "2016.02.01"]
[Round "5"]
[White "Rameshbabu Praggnanandhaa"]
[Black "Shah Manush"]
[Result "1-0"]
[EventDate "?"]
[WhiteElo "2174"]
[BlackElo "2003"]
[Source "chessbites.com; date by Chess Assistant 21"]
[PlyCount "70"]

1. e4 c6 2. d4 d5 3. e5 Bf5 4. Nf3 e6 5. Be2 c5 6. Be3 cxd4 7. Nxd4 Ne7 8. Nd2 Nbc6 9. N2f3 Be4 10. O-O Ng6 11. Nxc6 bxc6 12. Ng5 Nxe5 13. Qd4 Qc7 14. Nxe4 dxe4 15. Rad1 Be7 16. Qxe4 O-O 17. Bf4 f6 18. Bd3 g6 19. Bc4 Bd6 20. Bxe6+ Kh8 21. Bd2 Rfe8 22. Bb3 Re7 23. g3 Rae8 24. Bc3 Kg7 25. Rfe1 h5 26. Kg2 Bc5 27. Qf4 Qb6 28. h3 a6 29. g4 Qb8 30. gxh5 gxh5 31. Rg1 Re6 32. Kh1+ Kf7 33. Qh6 Ng4 34. Rxg4 hxg4 35. Qxf6+ 1-0